| 000 | 00611nam a22001811 4500 | ||
|---|---|---|---|
| 082 | 0 | 0 |
_a658.4032 _bBAT |
| 100 | 1 |
_aBattersby, Albert. _944661 |
|
| 245 | 1 | 0 | _aNetwork analysis for planning and scheduling. |
| 250 | _a2nd ed. | ||
| 260 |
_aLondon, _aMelbourne [etc.] _bMacmillan; _aNew York, _bSt. Martin's P., _c1967. |
||
| 300 |
_aix, 414 p. _billus. (incl. forms), tables, diagrs. _c24 cm. |
||
| 490 | 0 | _aStudies in management | |
| 500 | _aWith solutions to exercises. | ||
| 526 |
_a0 _b0 _c0 _d658_403200000000000_BAT |
||
| 650 | 0 |
_aMCE _9379 |
|
| 650 | 0 |
_aNetwork analysis (Planning) _925260 |
|
| 942 |
_2ddc _cBK |
||
| 999 |
_c548385 _d548385 |
||